|
|
|
|
| LEADER |
00000nab a2200000 a 4500 |
| 001 |
vtls010712980 |
| 003 |
SK-MaSNL |
| 005 |
20260304185514.0 |
| 008 |
250709s2005 xo |||||||||||||||||slo| |
| 035 |
|
|
|a (urnnbn)urn:nbn:sk:snk:ar-a04940
|
| 035 |
|
|
|a (uuid)4590e7f1-1404-4d55-af78-2d766ed42138
|
| 035 |
|
|
|a urn:nbn:sk:snk-ab3fs5
|
| 040 |
|
|
|a SNKBUCL
|b slo
|c SNKBUCL
|e AACR2
|
| 041 |
0 |
|
|a eng
|
| 044 |
|
|
|a xo
|c SK
|
| 100 |
1 |
|
|a Rácz, Oliver,
|d 1947-
|4 aut
|9 201815
|
| 245 |
1 |
4 |
|a The Pathobiochemistry of Obesity and its Metabolic Sequels
|c Oliver Rácz, Andrej Janco, Daniela Kuzmová, Daniela Nogová
|
| 700 |
1 |
|
|a Janco, Andrej
|4 aut
|9 342934
|
| 700 |
1 |
|
|a Kuzmová, Daniela
|4 aut
|9 741672
|
| 700 |
1 |
|
|a Nogová, Daniela
|4 aut
|9 1520025
|
| 773 |
0 |
|
|t Laboratórna diagnostika : časopis pre pracovníkov diagnostických laboratórií
|g Roč. 10, č. 1 (2005), s. 15
|
| 850 |
|
|
|a Slovenská národná knižnica
|
| 852 |
|
|
|a Slovenská národná knižnica
|
| 954 |
|
|
|a odborná, vedecká literatúra pôvodná (slovenská)
|2 lita
|
| 958 |
|
|
|a article1
|
| 958 |
|
|
|a OND
|
| 958 |
|
|
|a EUIPO
|
| 999 |
|
|
|c 3043878
|d 3045808
|